90 vấn đề cần thiết về chăm sóc trẻ sơ sinh
Nội dung tài liệu giới thiệu cách chăm sóc trẻ sơ sinh, cách cho trẻ ăn dặm, chăm sóc giấc ngủ và cách kích thích trẻ phát triển các kỹ năng.
Đã lưu trong:
| 主要作者: | |
|---|---|
| 格式: | 图书 |
| 语言: | Undetermined |
| 出版: |
Hà Nội
Thanh niên
2014
|
| 主题: | |
| 标签: |
添加标签
没有标签, 成为第一个标记此记录!
|
| Thư viện lưu trữ: | Trung tâm Học liệu Trường Đại học Cần Thơ |
|---|
| LEADER | 00814nam a2200205Ia 4500 | ||
|---|---|---|---|
| 001 | CTU_200804 | ||
| 008 | 210402s9999 xx 000 0 und d | ||
| 020 | |c 105000 | ||
| 082 | |a 649.122 | ||
| 082 | |b Tr527 | ||
| 100 | |a Nguyễn, Thế Truyền | ||
| 245 | 0 | |a 90 vấn đề cần thiết về chăm sóc trẻ sơ sinh | |
| 245 | 0 | |c Nguyễn Thế Truyền, Trí Đức | |
| 260 | |a Hà Nội | ||
| 260 | |b Thanh niên | ||
| 260 | |c 2014 | ||
| 520 | |a Nội dung tài liệu giới thiệu cách chăm sóc trẻ sơ sinh, cách cho trẻ ăn dặm, chăm sóc giấc ngủ và cách kích thích trẻ phát triển các kỹ năng. | ||
| 650 | |a Child rearing | ||
| 904 | |i Bằng | ||
| 980 | |a Trung tâm Học liệu Trường Đại học Cần Thơ | ||